Normal view
MARC view
- Vlasic B & Stertz B A
Entry Personal Name
001 - CONTROL NUMBER
- control field: 113110
003 - CONTROL NUMBER IDENTIFIER
- control field: OSt
005 - DATE AND TIME OF LATEST TRANSACTION
- control field: 20230125044423.0
008 - FIXED-LENGTH DATA ELEMENTS
- fixed length control field: 230125|| aca||aabn | a|a d
040 ## - CATALOGING SOURCE
- Original cataloging agency: OSt
- Transcribing agency: OSt
100 ## - HEADING--PERSONAL NAME
- Personal name: Vlasic B & Stertz B A
670 ## - SOURCE DATA FOUND
- Source citation: Work cat.: (OSt)90144: Vlasic B 113109, Taken for a Ride, 2001